The Vampire Diaries Season 2 Quiz Stats

 Plays Quiz not verified by Sporcle

Score 0/44 Timer 10:00
0 Plays Today
% Correct
Liz
65.2%
Damon
56.8%
Damon
55.3%
Damon
55.1%
Damon
55.1%
Caroline
54.9%
Caroline
54.4%
Caroline
54%
Caroline
53.7%
Rose
53.4%
Damon
53.2%
Alaric
49.5%
Alaric
48.2%
Elijah
48.1%
Elijah
47%
Dana
47%
Elena
46.8%
Elena
46.3%
Alaric
46%
Jules
45.9%
Elena
45.7%
Elena
45.7%
% Correct
Stefan
45.3%
Stefan
45.3%
Elijah
45.3%
Elijah
45.1%
Elena
45.1%
Stefan
43.6%
Jeremy
42.3%
Katherine
42.2%
Katherine
41.5%
Stefan
40.9%
Jeremy
40.2%
Katherine
39.8%
Klaus
38.2%
Bonnie
35.7%
Jenna
34.6%
Bonnie
34.4%
Bonnie
33.8%
Jenna
32.9%
Tyler
31.1%
Mason
23.7%
Slater
16.2%
Matt
12.7%

You're not logged in!

Compare scores with friends on all Sporcle quizzes.
OR
Log In

Sporcle TV

Today on Sporcle TV


Watch our educational content, quiz creation guides, and fun videos on Sporcle TV.

Show Comments

Extras

Top Quizzes Today


Score Distribution

Your Account Isn't Verified!

In order to create a playlist on Sporcle, you need to verify the email address you used during registration. Go to your Sporcle Settings to finish the process.

Report this User

Report this user for behavior that violates our Community Guidelines.

Details: